Mi ciudad y yo : Morelia / (Record no. 37851)
[ view plain ]
| 000 -LEADER | |
|---|---|
| fixed length control field | 00770nam a22001817a 4500 |
| 005 - DATE AND TIME OF LATEST TRANSACTION | |
| control field | 20150124124533.0 |
| 008 - FIXED-LENGTH DATA ELEMENTS--GENERAL INFORMATION | |
| fixed length control field | 130531t mx||||| |||| 00| 0 spa d |
| 100 1# - MAIN ENTRY--PERSONAL NAME | |
| Personal name | Ramírez Romero, Esperanza, |
| Titles and other words associated with a name | [Dra.], |
| Dates associated with a name | [1937- ] |
| 245 10 - TITLE STATEMENT | |
| Title | Mi ciudad y yo : Morelia / |
| Statement of responsibility, etc | Esperanza Ramírez Romero. |
| 250 ## - EDITION STATEMENT | |
| Edition statement | 2a. ed. |
| 260 ## - PUBLICATION, DISTRIBUTION, ETC. (IMPRINT) | |
| Place of publication, distribution, etc | Morelia, Michoacán de Ocampo, México : |
| Name of publisher, distributor, etc | H. Ayuntamiento de Morelia 1993-1995, |
| Date of publication, distribution, etc | [1994] |
| 300 ## - PHYSICAL DESCRIPTION | |
| Extent | 111 p. : |
| Other physical details | il. ; |
| Dimensions | 28 cm. |
| 500 ## - GENERAL NOTE | |
| General note | Nota : Copia encuadernada |
| 504 ## - BIBLIOGRAPHY, ETC. NOTE | |
| Bibliography, etc | Incluye índice |
| 650 #7 - SUBJECT ADDED ENTRY--TOPICAL TERM | |
| Source of heading or term | LEMB |
| Topical term or geographic name as entry element | Arquitectura |
| General subdivision | Estudio y enseñanza |
| Geographic subdivision | Morelia (Michoacán de Ocampo) |
| -- | México |
| 651 #7 - SUBJECT ADDED ENTRY--GEOGRAPHIC NAME | |
| Source of heading or term | LEMB |
| Geographic name | Morelia (Michoacán de Ocampo) |
| Geographic subdivision | México |
| General subdivision | Historia |
| -- | Estudio y enseñanza |
| Form subdivision | Libros de texto (Educación primaria) |
| 942 ## - ADDED ENTRY ELEMENTS (KOHA) | |
| Source of classification or shelving scheme | Biblioteca del Cogreso de los Estados Unidos |
| Koha item type | Libro |
| Estado de pérdida | Fuente de clasificación | Estado del daño | No para préstamo | Ubicación permanente | Ubicación actual | Apartado o colección | Fecha de adquisición | Edición | Dependencia de educación superior (DES) | Área del conocimiento | Clasificación | Código de Barras | Date last seen | Número de copia | Costo por reposición | Tipo de recurso |
|---|---|---|---|---|---|---|---|---|---|---|---|---|---|---|---|---|
| Biblioteca del Cogreso de los Estados Unidos | Biblioteca del Instituto de Investigaciones Históricas | Biblioteca del Instituto de Investigaciones Históricas | Fondo Michoacán | 31/05/2013 | 1a ed. | Humanidades | Ciencias Sociales y Administrativas | F1391 .M8 .4 R36 [1994] | IIH000009729 | 31/05/2013 | C:1 | 1.00 | Libro |